[Event "Avoine op 22nd"]
[Site "Avoine"]
[Date "2007.07.22"]
[Round "2"]
[White "Guinovart, Jose"]
[Black "Beaurain, Jerome"]
[Result "1-0"]
[WhiteElo "1922"]
[BlackElo "2076"]
[PlyCount "66"]
[EventDate "2007.07.21"]
[EventType "swiss"]
[EventRounds "9"]
[EventCountry "FRA"]
[SourceTitle "EXT 2010"]
[Source "ChessBase"]
[SourceDate "2010.11.25"]
[SourceVersion "1"]
[SourceVersionDate "2010.11.25"]
[SourceQuality "1"]

1. d4 d5 2. c4 e6 3. Nc3 c6 4. Nf3 dxc4 5. a4 Bb4 6. Bd2 a5 7. e3 b5 8. Ne5 Bb7 9. Qg4 Kf8 10. axb5 Bxc3 11. Bxc3 cxb5 12. Be2 Nf6 13. Qh3 Nbd7 14. Rd1 Qc7 15. Qg3 Nxe5 16. dxe5 Ne4 17. Qh4 h6 18. Bd4 g5 19. Qh5 Ke7 20. 0-0 Rag8 21. Bg4 b4 22. f3 Nc5 23. Bxc5+ Qxc5 24. Rd7+ Kxd7 25. Qxf7+ Kc8 26. Qxe6+ Kb8 27. Rd1 Re8 28. Qf6 Qxe3+ 29. Kf1 Qxe5 30. Rd8+ Ka7 31. Qxe5 Rxe5 32. Rxh8 c3 33. bxc3 b3 1-0

[Event "FRA-chT2 South 0607"]
[Site "France"]
[Date "2006.11.25"]
[Round "2.5"]
[White "Henneteau, Jeremie"]
[Black "Beaurain, Jerome"]
[Result "0-1"]
[WhiteElo "2134"]
[BlackElo "2083"]
[PlyCount "82"]
[EventDate "2006.10.15"]
[EventType "team"]
[EventRounds "11"]
[EventCountry "FRA"]
[SourceTitle "EXT 2008"]
[Source "ChessBase"]
[SourceDate "2007.11.25"]
[SourceVersion "1"]
[SourceVersionDate "2007.11.25"]
[SourceQuality "1"]
[WhiteTeam "Grasse"]
[BlackTeam "Condom"]
[WhiteTeamCountry "FRA"]
[BlackTeamCountry "FRA"]

1. d4 d5 2. Nf3 e6 3. c4 c6 4. e3 Bd6 5. b3 Nh6 6. Bb2 Nd7 7. Nbd2 f5 8. g3 0-0 9. Bg2 Nf7 10. h4 Nf6 11. Qe2 Ne4 12. 0-0-0 Qe7 13. Ne5 Nxe5 14. dxe5 Ba3 15. Kb1 Bxb2 16. Kxb2 Qb4 17. Bxe4 fxe4 18. Rhf1 b5 19. cxb5 a5 20. a3 Qe7 21. f4 exf3 22. Rxf3 Rxf3 23. Nxf3 cxb5 24. Rc1 b4 25. a4 Ba6 26. Qd2 Qf7 27. Nd4 Qh5 28. Rc6 Qxe5 29. Rxe6 Qxg3 30. Nf5 Qf3 31. Re5 Bb7 32. h5 Rd8 33. Nd4 Qg3 34. Re7 Rf8 35. Ne2 Qg2 36. Rxb7 Rf2 37. Rb8+ Kf7 38. Rb7+ Ke8 39. Rb8+ Kd7 40. Qc1 Rxe2+ 41. Kb1 Qe4+ 0-1

[Event "Condom op 4th"]
[Site "Condom"]
[Date "2005.07.09"]
[Round "1"]
[White "Fedorchuk, Sergey A"]
[Black "Beaurain, Jerome"]
[Result "1-0"]
[WhiteElo "2571"]
[BlackElo "2109"]
[PlyCount "57"]
[EventDate "2005.07.09"]
[EventType "swiss"]
[EventRounds "9"]
[EventCountry "FRA"]
[SourceTitle "CBM 107 Extra"]
[Source "ChessBase"]
[SourceDate "2005.09.01"]
[SourceVersion "1"]
[SourceVersionDate "2005.09.01"]
[SourceQuality "1"]

1. e4 c5 2. Nf3 Nc6 3. Bb5 g6 4. Bxc6 dxc6 5. d3 Bg7 6. h3 e5 7. Be3 Qe7 8. Nc3 Nf6 9. Qd2 0-0 10. Bh6 Ne8 11. 0-0-0 f6 12. Rdg1 Nc7 13. Bxg7 Qxg7 14. g4 Ne6 15. h4 b6 16. Nd1 Ba6 17. Ne3 Rad8 18. Nf5 Qc7 19. Nh6+ Kh8 20. Qe3 c4 21. dxc4 Bxc4 22. b3 Ba6 23. g5 Nf4 24. Kb1 Qe7 25. gxf6 Rxf6 26. Ng4 Re6 27. Ng5 Rd3 28. cxd3 Bxd3+ 29. Kb2 1-0

[Event "FRA-chT2 0405"]
[Site "France"]
[Date "2005.03.12"]
[Round "8.6"]
[White "Schoucair, Henry"]
[Black "Beaurain, Jerome"]
[Result "0-1"]
[WhiteElo "2106"]
[BlackElo "2123"]
[PlyCount "54"]
[EventDate "2004.10.10"]
[EventType "team"]
[EventRounds "11"]
[EventCountry "FRA"]
[SourceTitle "EXT 2006"]
[Source "ChessBase"]
[SourceDate "2005.11.24"]
[SourceVersion "1"]
[SourceVersionDate "2005.11.24"]
[SourceQuality "1"]
[WhiteTeam "Montpellier  II"]
[BlackTeam "Condom"]
[WhiteTeamCountry "FRA"]
[BlackTeamCountry "FRA"]

1. e4 c5 2. Nf3 Nc6 3. d4 cxd4 4. Nxd4 Nf6 5. Nc3 e5 6. Ndb5 d6 7. Bg5 a6 8. Na3 b5 9. Nd5 Be7 10. Bxf6 Bxf6 11. c3 Ne7 12. Nxf6+ gxf6 13. Bd3 d5 14. Nc2 f5 15. exd5 Nxd5 16. Qe2 0-0 17. 0-0-0 e4 18. Bxe4 fxe4 19. Qxe4 Qg5+ 20. Kb1 Bb7 21. Qf3 Kh8 22. Rhe1 Rac8 23. h4 Qf6 24. Qg3 Rg8 25. Qh2 Rge8 26. Rxd5 Rxe1+ 27. Nxe1 Bxd5 0-1

[Event "FRA-chT2 0405"]
[Site "France"]
[Date "2004.12.05"]
[Round "4.3"]
[White "Lecoq, Julien"]
[Black "Beaurain, Jerome"]
[Result "1-0"]
[WhiteElo "2075"]
[BlackElo "2123"]
[PlyCount "93"]
[EventDate "2004.10.10"]
[EventType "team"]
[EventRounds "11"]
[EventCountry "FRA"]
[SourceTitle "EXT 2006"]
[Source "ChessBase"]
[SourceDate "2005.11.24"]
[SourceVersion "1"]
[SourceVersionDate "2005.11.24"]
[SourceQuality "1"]

1. e4 c5 2. d4 cxd4 3. c3 d3 4. Bxd3 Nc6 5. c4 g6 6. Nc3 Bg7 7. Nf3 d6 8. h3 e5 9. 0-0 Nge7 10. Be2 Nd4 11. Be3 Nec6 12. Nb5 Nxe2+ 13. Qxe2 a6 14. Nc3 0-0 15. Rfd1 f5 16. exf5 gxf5 17. Nd5 f4 18. Bb6 Qe8 19. Nc7 Qg6 20. Nxa8 Bxh3 21. Nh4 Qg5 22. Qf3 Bg4 23. Qd5+ Kh8 24. Nf3 Bxf3 25. Qxf3 Rxa8 26. Rxd6 Qe7 27. Qd5 Nb4 28. Rd8+ Rxd8 29. Qxd8+ Qxd8 30. Bxd8 Nd3 31. b3 e4 32. Rd1 Bd4 33. Kf1 Ba7 34. Bh4 Kg7 35. f3 Nc5 36. fxe4 Nxe4 37. Rd7+ Kg6 38. Rxb7 Be3 39. Be1 h5 40. b4 h4 41. c5 h3 42. gxh3 Kf6 43. Rb6+ Ke5 44. Rxa6 f3 45. c6 Nd6 46. Ra3 Bc1 47. Rxf3 1-0

[Event "FRA-chT2 0304a"]
[Site "France"]
[Date "2004.03.14"]
[Round "9.6"]
[White "Bui Trong, Minh"]
[Black "Beaurain, Jerome"]
[Result "0-1"]
[WhiteElo "2000"]
[BlackElo "2106"]
[PlyCount "80"]
[EventDate "2003.10.??"]
[EventType "team"]
[EventRounds "11"]
[EventCountry "FRA"]
[SourceTitle "EXT 2005"]
[Source "ChessBase"]
[SourceDate "2004.11.15"]
[SourceVersion "1"]
[SourceVersionDate "2004.11.15"]
[SourceQuality "1"]
[WhiteTeam "Eybens"]
[BlackTeam "Condom"]
[WhiteTeamCountry "FRA"]
[BlackTeamCountry "FRA"]

1. d4 d5 2. Nf3 e6 3. c4 c6 4. Nc3 dxc4 5. a4 Bb4 6. e3 b5 7. Ne5 Nf6 8. Be2 Bb7 9. 0-0 Nbd7 10. Nf3 a6 11. Qc2 Qc7 12. Bd2 Bxc3 13. bxc3 0-0 14. Rfc1 Rfe8 15. Qb2 Rab8 16. axb5 cxb5 17. Ra2 e5 18. Be1 exd4 19. cxd4 Ng4 20. h3 Nh6 21. Bb4 Nb6 22. Ba5 Re6 23. Ne5 Bd5 24. Raa1 Qb7 25. Bf1 f6 26. Nf3 Bxf3 27. gxf3 Qxf3 28. Bg2 Qh5 29. e4 Qg6 30. Re1 Rbe8 31. d5 Nxd5 32. exd5 Rxe1+ 33. Rxe1 Rxe1+ 34. Bxe1 Nf5 35. Qd2 Nh4 36. Kf1 Qxg2+ 37. Ke2 Qf3+ 38. Kf1 Qxh3+ 39. Ke2 Qg4+ 40. Kf1 Nf3 0-1

[Event "FRA-chT U18"]
[Site "France"]
[Date "1996.??.??"]
[Round "?"]
[White "Schmitt, Fabien"]
[Black "Beaurain, Jerome"]
[Result "1/2-1/2"]
[WhiteElo "1940"]
[BlackElo "1800"]
[PlyCount "46"]
[EventDate "1996.??.??"]
[EventType "team"]
[EventRounds "11"]
[EventCountry "FRA"]
[SourceTitle "EXT 2004"]
[Source "ChessBase"]
[SourceDate "2003.11.25"]
[SourceVersion "1"]
[SourceVersionDate "2003.11.25"]
[SourceQuality "1"]

1. e4 c5 2. Nf3 Nc6 3. Bb5 g6 4. c3 Bg7 5. 0-0 Nf6 6. Re1 0-0 7. d4 d6 8. h3 Qb6 9. Na3 d5 10. dxc5 Qxc5 11. e5 Nd7 12. Be3 d4 13. cxd4 Qd5 14. Bc4 Qa5 15. e6 Nb6 16. exf7+ Kh8 17. Qb3 Qh5 18. Be2 Qf5 19. Qb5 Qxf7 20. Rad1 Bd7 21. Qb3 Be6 22. Qd3 Bxa2 23. Rc1 Bd5 1/2-1/2